Formulario del ingeniero (Record no. 70903)
[ view plain ]
| 000 -LEADER | |
|---|---|
| campo de control de longitud fija | 00639nam a2200169 i 4500 |
| 001 - NÚMERO DE CONTROL | |
| campo de control | 70903 |
| 003 - IDENTIFICADOR DE NÚMERO DE CONTROL | |
| campo de control | ES-MaACL |
| 005 - FECHA Y HORA DE LA ÚLTIMA TRANSACCIÓN | |
| campo de control | 20230906170948.0 |
| 007 - CAMPO FIJO DE DESCRIPCIÓN FÍSICA--INFORMACIÓN GENERAL | |
| campo de control de longitud fija | t| |
| 008 - DATOS DE LONGITUD FIJA--INFORMACIÓN GENERAL | |
| campo de control de longitud fija | 040804s1923 sp ||||1| spa d |
| 100 1# - ENTRADA PRINCIPAL--NOMBRE DE PERSONA | |
| Nombre de persona | Garuffa, Egidio. |
| 9 (RLIN) | 55797 |
| 245 10 - MENCIÓN DEL TÍTULO | |
| Título | Formulario del ingeniero |
| Resto del título | : manual práctico para los ingenieros, mecánicos y constructores / |
| Mención de responsabilidad, etc. | por Egidio Garuffa ; traducido de la cuarta edición italiana por Lino Alvarez Valdés. |
| 260 ## - PUBLICACIÓN, DISTRIBUCIÓN, ETC. | |
| Lugar de publicación, distribución, etc. | Barcelona : |
| Nombre del editor, distribuidor, etc. | Gustavo Gili, |
| Fecha de publicación, distribución, etc. | 1923 ( |
| Fabricante | Guinart y Pujolart) |
| 300 ## - DESCRIPCIÓN FÍSICA | |
| Extensión | 699 p. : |
| Otras características físicas | il. ; |
| Dimensiones | 19 cm. |
| 700 0# - ENTRADA AGREGADA--NOMBRE PERSONAL | |
| Nombre de persona | Alvarez Valdés, Lino. |
| 9 (RLIN) | 20986 |
| 852 ## - LOCALIZACIÓN | |
| Ubicación | ES-MaACL |
| Número de control de estantería | F-16343 |
| Sublocalización o colección | R.21064 |
| Estatus retirado | Estado de pérdida | Estado de daño | No para préstamo | Biblioteca de origen | Biblioteca actual | Ubicación en estantería | Fecha de adquisición | Fuente de adquisición | Total de préstamos | Signatura topográfica completa | Código de barras | Visto por última vez | Precio de reemplazo | Tipo de ítem Koha |
|---|---|---|---|---|---|---|---|---|---|---|---|---|---|---|
| Biblioteca del Ateneo de Madrid | Biblioteca del Ateneo de Madrid | Sala Pecera Planta 2 | 17/01/2008 | F-16343 | 1074249 | 23/02/2023 | 23/02/2023 | Libro impreso |
